000 00428cam a2200169ua 4500
041 _aeng
_h
082 _a624.1517
_bKAN/SU
100 _aKanetkar, T P .
245 _aSurveying and Levelling /
_cS V Kulkarni.
_hTextual Documents
250 _a21 /
_b.
260 _aPune :
_bune Vidyarthi Griha Prakashan ,
_c1982.
300 _a692 ; .
504 _a
700 1 _aKulkarni, S V .
942 _cBK
999 _c3108
_d3108